| 000 | 01095nam a22002777a 4500 | ||
|---|---|---|---|
| 003 | dpl | ||
| 005 | 20180705124344.0 | ||
| 008 | 180705b xxu||||| |||| 00| 0 eng d | ||
| 010 | _aB-003073 | ||
| 020 | _c300.00 | ||
| 035 | _aB-003073, B-003085 | ||
| 037 | _bCen Lib/Ret | ||
| 040 |
_aDPL _bHN _c0 |
||
| 082 |
_aउ _bसिंहल |
||
| 100 |
_aसिंहल, ईश्वर शरण _97767 |
||
| 245 |
_aराहें टटोलते पाँव / _cईश्वर शरण सिंहल |
||
| 246 |
_aRaahen tatolte panv / _bby Ishwar Sharan SInhal |
||
| 260 |
_aदिल्ली _bसारथी क्म्युनिकेशन _c1993 |
||
| 270 |
_a1/5786, बलवीर नगर चौक _bदिल्ली _e110032 |
||
| 300 |
_a266पृ. _c19सेमी (सजिल्द) |
||
| 650 |
_a साहित्य--उपन्यास _975232 |
||
| 650 |
_aहिन्दी -- उपन्यास _975233 |
||
| 650 |
_a Literature--Fiction _975234 |
||
| 650 |
_aHindi -- Fiction _927248 |
||
| 942 |
_2ddc _cHN _hउ _mसिंहल |
||
| 999 |
_c117536 _d117536 |
||